Arytmetyka teoretyczna

Αποθηκεύτηκε σε:
Λεπτομέρειες βιβλιογραφικής εγγραφής
Κύριος συγγραφέας: Sierpinski, Waclaw, 1882-1969
Άλλοι συγγραφείς: Losia, Jerzego (edtf)
Μορφή: Βιβλίο
Γλώσσα:Polish
Δημοσίευση: Warszawa : Panstwowe Wydawnictwo Naukowe, 1959
Σειρά:Biblioteka matematyczna ; 7
Θέματα:
Ετικέτες: Προσθήκη ετικέτας
Δεν υπάρχουν, Καταχωρήστε ετικέτα πρώτοι!

MARC

LEADER 00000cam a2200000 a 4500
001 1/108021
008 150820s1959####pl | ||| |||| ||pol||
040 |a GR-MyUa  |b gre  |c GR-MyUa  |e AACR2 
041 0 |a pol 
082 7 |a 512.7   |2 (23) 
100 1 |a Sierpinski, Waclaw,   |d 1882-1969. 
245 1 0 |a Arytmetyka teoretyczna /   |c Waclaw Sierpinski ; przy wspoludziale Jerzego Losia. 
260 |a Warszawa :   |b Panstwowe Wydawnictwo Naukowe,   |c 1959 
300 |a 273 σ. ;   |c 25 εκ.  
490 1 |a (Biblioteka Matematyczna)   |v  ; 7 
650 0 |a Number theory. 
700 1 |a Losia, Jerzego,  |e edtf 
830 0 |a Biblioteka matematyczna ;  |v  7 
852 |a INST  |b SAMOS  |c MAG  |e 20150820  |h 512.7 SIE  |p 005300035385  |q 005300035385  |t BK  |y 0 
970 |a Σιτζίμη  |b Γιασεμή  |z 20/08/2015